000 00361nam a2200145Ia 4500
008 151213s9999 xx 000 0 und d
100 _aBenhord Shaw
245 _aMayor Barbara
_cBenhord Shaw
260 _bPenguing Player
_c1960
300 _a8860 p.
650 _aEnglish Literature
650 _aEnglish Literature
700 _aBenhord Shaw
999 _c4645
_d4645